Statistiques concernant Séries commençant par la lettre B

Cliquez ici pour prendre le quiz!

Statistiques générales

  • Ce quiz a été pris 181 fois
  • Le résultat moyen est 6 sur 10

Statistiques - réponses

Réponse% Correct
Bob l’éponge
100%
Barbapapa
95%
Breaking bad
94%
Boule et Bill
93%
Bonne nuit les petits
67%
Buffy Contre Les Vampires
67%
Bones
52%
Beverly Hills 90210
24%
Body of proof
6%
Boulevard du palais
4%

Distribution des résultats

Percentile par nombre de réponses

% des personnes avec chaque résultat

Votre développement - résultats

Vous n’avez pas pris ce quiz